Riconosci il Pokémon - Quiz n°782 - Statistics

Statistiche generali
  • Questo quiz è stato fatto 1 volte
  • Il punteggio medio è 10 su 10
Statistiche sulle risposte
Indizio Riposta % Corretto
Tasso di cattura 127 (26%)
100%
Altezza 1,3 m
100%
Peso 43,0 kg
100%
Sesso 50% ♂, 50% ♀
100%
Pokémon Dubwool
100%
Tasso di allevamento Medio-Veloce
100%
Abilità Morbidone; Cuordeciso; Antiproiettile
100%
Tipo Normale
100%
Generazione Ottava
100%
Stadio evoluzione Prima evoluzione
100%
Nessun quiz corrispondente trovato
Distribuzione punteggi
Percentuale di utenti per punteggio
Percentile per numero di risposta
I tuoi punteggi nel tempo
Non hai fatto questo quiz